[Event "Baku Open 2014"]
[Site "Baku AZE"]
[Date "2014.09.23"]
[Round "2.32"]
[White "Khalafova, Narmin"]
[Black "Maghsoodloo, Parham"]
[Result "0-1"]
[WhiteTitle "WFM"]
[WhiteElo "2166"]
[BlackElo "2321"]
[WhiteFideId "13402625"]
[BlackFideId "12539929"]
[EventDate "2014.09.22"]

1. e4 c6 2. Nc3 d5 3. Nf3 Bg4 4. h3 Bxf3 5. Qxf3 e6 6. d4 Nf6 7. Bg5 Be7 8.
O-O-O dxe4 9. Nxe4 Nxe4 10. Bxe7 Qxe7 11. Qxe4 Nd7 12. h4 O-O-O 13. Rh3 Nf6 14.
Qe1 Qc7 15. Re3 Rd7 16. b4 Rhd8 17. c3 Nd5 18. Rf3 Qd6 19. c4 Nf6 20. g3 Kb8 21.
Bh3 h6 22. Re3 Qc7 23. Qc3 g5 24. hxg5 hxg5 25. Kb2 Ne8 26. Re5 Qxe5 27. dxe5
Rxd1 28. Kc2 R1d4 29. Bf1 Ng7 30. Qe3 g4 31. Kc3 Nf5 32. Qg5 Kc7 33. Be2 R8d7
34. Bxg4 Rd3+ 35. Kc2 Nd4+ 36. Kb2 Nf3 37. Bxf3 Rxf3 38. a3 Rxf2+ 39. Kc3 Rf3+
40. Kb2 Rfd3 41. Qf4 Rd2+ 42. Kc1 R2d4 43. Qf1 Rd3 44. Kb2 a6 45. g4 Rd1 46. Qf3
R1d3 47. Qf1 c5 48. g5 cxb4 49. axb4 Rd2+ 50. Kc3 b6 51. Qb1 b5 52. cxb5 axb5
53. Qe4 R7d5 54. Qe3 Kb7 55. Qe4 Kc6 56. Qh1 Rd1 57. Qh5 R5d3+ 58. Kc2 Kd5 59.
Qxf7 Kd4 60. Qf4+ Kd5 61. Qf7 R1d2+ 62. Kb1 Kc4 63. Qxe6+ Kc3 0-1

[Event "Baku Open 2014"]
[Site "Baku AZE"]
[Date "2014.09.23"]
[Round "2.33"]
[White "Nugumanov, Bakhtiyar"]
[Black "Hojjatova, Aydan"]
[Result "1-0"]
[WhiteTitle "FM"]
[BlackTitle "WCM"]
[WhiteElo "2287"]
[BlackElo "2014"]
[WhiteFideId "13701797"]
[BlackFideId "13401491"]
[EventDate "2014.09.22"]

1. d4 Nf6 2. Bg5 d5 3. Nd2 Bf5 4. e3 e6 5. h3 h6 6. Bh4 Bd6 7. Ne2 Nbd7 8. g4
Bh7 9. Bg2 Qe7 10. c4 c6 11. Qb3 b6 12. f4 Bb4 13. Nc3 O-O 14. O-O a5 15. a3
Bxc3 16. Qxc3 Rac8 17. b4 a4 18. Rac1 Qd6 19. c5 Qe7 20. cxb6 Nxb6 21. Qc5 Qxc5
22. Rxc5 Bd3 23. Rfc1 Bb5 24. Bxf6 gxf6 25. Bf1 Nd7 26. R5c2 Rb8 27. Kf2 Rfd8
28. e4 Kf8 29. Bxb5 cxb5 30. exd5 exd5 31. Rc6 Ke7 32. Nf1 Rb6 33. Ne3 Rxc6 34.
Rxc6 Nf8 35. Nf5+ Ke8 36. Rxf6 Rd7 37. Rc6 Ne6 38. Ke3 Kd8 39. Nxh6 Re7 40.
Nxf7+ Kd7 41. Ne5+ 1-0

[Event "Baku Open 2014"]
[Site "Baku AZE"]
[Date "2014.09.23"]
[Round "2.34"]
[White "Amrayeva, Aytan"]
[Black "Alakhverdiev, Araz"]
[Result "1-0"]
[BlackTitle "FM"]
[WhiteElo "2144"]
[BlackElo "2277"]
[WhiteFideId "13405101"]
[BlackFideId "13610260"]
[EventDate "2014.09.22"]

1. c4 Nf6 2. Nc3 c5 3. g3 g6 4. Bg2 Bg7 5. d3 O-O 6. e4 d6 7. Nge2 Nc6 8. h3 a6
9. O-O Rb8 10. f4 Bd7 11. a4 Ne8 12. f5 Nd4 13. g4 b5 14. cxb5 axb5 15. a5 Bc6
16. Nxd4 Bxd4+ 17. Kh1 Ra8 18. Ne2 Bg7 19. Qe1 b4 20. Qh4 Bf6 21. g5 Bg7 22. Ra2
Be5 23. Bf4 Ng7 24. Ng3 b3 25. Ra3 Rxa5 26. Rxb3 Rb5 27. Rxb5 Bxb5 28. Bxe5 dxe5
29. f6 exf6 30. gxf6 Ne8 31. Qg5 Kh8 32. Qxe5 Qxd3 33. Qxc5 Kg8 34. Rf3 Qb1+ 35.
Kh2 Qxb2 36. e5 Bd7 37. Ne4 Bf5 38. Ng3 Be6 39. Rf2 Qa1 40. Ne4 Bf5 41. Ng3 Be6
42. Rd2 Qa4 43. Rd8 Bd7 44. Qe7 Bc6 45. e6 Qa2 46. exf7+ Rxf7 47. Rxe8+ Bxe8 48.
Qxe8+ Rf8 49. Qe7 1-0

[Event "Baku Open 2014"]
[Site "Baku AZE"]
[Date "2014.09.24"]
[Round "3.11"]
[White "Inarkiev, Ernesto"]
[Black "Zeynalov, Farid"]
[Result "1-0"]
[WhiteTitle "GM"]
[BlackTitle "FM"]
[WhiteElo "2672"]
[BlackElo "2277"]
[WhiteFideId "4162722"]
[BlackFideId "13402250"]
[EventDate "2014.09.22"]

1. d4 Nf6 2. c4 e6 3. Nc3 Bb4 4. e3 O-O 5. Ne2 d5 6. a3 Be7 7. cxd5 exd5 8. g3
c6 9. Bg2 Bf5 10. O-O Bd6 11. f3 Bg6 12. e4 c5 13. Bg5 dxe4 14. fxe4 cxd4 15.
Bxf6 gxf6 16. Nd5 Nc6 17. Nef4 f5 18. Nxg6 fxg6 19. exf5 gxf5 20. Qb3 Kh8 21.
Qxb7 Qc8 22. Qb5 Rb8 23. Qa4 Ne5 24. Rac1 Qb7 25. b4 Qg7 26. Qc2 Qh6 27. Qb2 Ng4
28. Bf3 Be5 29. Rce1 Rbe8 30. Bxg4 fxg4 31. Rxf8+ Qxf8 32. Qe2 Re6 33. Qe4 Qg7
34. Kg2 Qg5 35. Re2 Qh5 36. Nf4 Bxf4 37. Qa8+ Kg7 38. Rxe6 Qf7 39. Qe4 Bg5 40.
Qxd4+ 1-0

[Event "Baku Open 2014"]
[Site "Baku AZE"]
[Date "2014.09.24"]
[Round "3.13"]
[White "Kuzubov, Yuriy"]
[Black "Kowsarinia, Amir"]
[Result "1-0"]
[WhiteTitle "GM"]
[BlackTitle "FM"]
[WhiteElo "2663"]
[BlackElo "2331"]
[WhiteFideId "14112906"]
[BlackFideId "12500089"]
[EventDate "2014.09.22"]

1. d4 Nf6 2. c4 g6 3. Nc3 d5 4. cxd5 Nxd5 5. Bd2 Bg7 6. e4 Nxc3 7. Bxc3 O-O 8.
Nf3 c5 9. d5 Bxc3+ 10. bxc3 Bg4 11. Qd2 Nd7 12. Ng5 f6 13. Be2 fxg5 14. Bxg4 Rf4
15. Be2 Ne5 16. Qe3 Qa5 17. O-O Raf8 18. g3 Nf3+ 19. Kg2 R4f7 20. d6 exd6 21.
Bc4 g4 22. Rad1 Ne5 23. Bxf7+ Rxf7 24. h3 gxh3+ 25. Kxh3 Rf3 26. Qd2 Nf7 27. c4
Qxd2 28. Rxd2 Rc3 29. e5 dxe5 30. Rd7 Rxc4 31. Rb1 Rc2 32. Kg2 b6 33. Rxa7 e4
34. Kf1 c4 35. Rxb6 Rc1+ 36. Ke2 Rc2+ 37. Ke3 Rc3+ 38. Kxe4 Rc2 39. f4 1-0

[Event "Baku Open 2014"]
[Site "Baku AZE"]
[Date "2014.09.24"]
[Round "3.14"]
[White "Abdulov, Orkhan"]
[Black "Volokitin, Andrei"]
[Result "1/2-1/2"]
[WhiteTitle "IM"]
[BlackTitle "GM"]
[WhiteElo "2344"]
[BlackElo "2642"]
[WhiteFideId "13402714"]
[BlackFideId "14107090"]
[EventDate "2014.09.22"]

1. e4 c5 2. Nf3 d6 3. d4 cxd4 4. Nxd4 Nf6 5. Nc3 a6 6. Be2 e6 7. O-O Be7 8. f4
O-O 9. Kh1 Qc7 10. Qe1 b5 11. Bf3 Bb7 12. e5 Ne8 13. exd6 Nxd6 14. f5 Bxf3 15.
Rxf3 Bf6 16. Nxe6 fxe6 17. Qxe6+ Nf7 18. Nd5 Qe5 19. Bf4 Qxe6 20. fxe6 Bxb2 21.
exf7+ Rxf7 22. Rb1 Bd4 23. c3 Bf6 24. Nb6 Raa7 25. Nc8 Ra8 26. Nb6 Raa7 27. Nc8
Ra8 28. Nb6 Raa7 29. Nc8 Ra8 1/2-1/2

[Event "Baku Open 2014"]
[Site "Baku AZE"]
[Date "2014.09.24"]
[Round "3.15"]
[White "Babayev, Talib"]
[Black "Krasenkow, Michal"]
[Result "0-1"]
[WhiteTitle "IM"]
[BlackTitle "GM"]
[WhiteElo "2342"]
[BlackElo "2636"]
[WhiteFideId "13401432"]
[BlackFideId "1113100"]
[EventDate "2014.09.22"]

1. e4 g6 2. d4 Bg7 3. Nc3 c6 4. f4 d5 5. e5 Qb6 6. Be2 Nh6 7. g4 f6 8. h3 Nf7 9.
Nf3 g5 10. exf6 exf6 11. Na4 Qc7 12. fxg5 Qg3+ 13. Kd2 Nxg5 14. Nxg5 fxg5 15. c3
O-O 16. Qg1 Qxg1 17. Rxg1 b6 18. Kd1 h6 19. Be3 Ba6 20. Bxa6 Nxa6 21. Ke2 Rae8
22. Rad1 c5 23. Rg3 Rf4 24. Kd3 Rfe4 25. Bg1 c4+ 26. Kc2 Bf8 27. b3 Bd6 28. Rg2
Bf4 29. bxc4 dxc4 30. Nb2 Re2+ 31. Rxe2 Rxe2+ 32. Kb1 Nc7 33. d5 Nb5 34. Bd4
Na3+ 35. Ka1 Kf7 36. d6 Bxd6 37. Bxb6 axb6 38. Rxd6 Nb5 39. Rd1 Nxc3 40. Rc1 b5
41. Rxc3 Re1+ 42. Nd1 Rxd1+ 43. Kb2 Rd2+ 44. Ka3 Ke6 45. Kb4 Kd5 46. Rf3 Rxa2
47. Kxb5 Rb2+ 48. Ka4 Kd4 49. Rf6 c3 50. Rd6+ Kc5 51. Rd8 Kc4 52. Ka3 Rb6 0-1

[Event "Baku Open 2014"]
[Site "Baku AZE"]
[Date "2014.09.24"]
[Round "3.16"]
[White "Maghsoodloo, Parham"]
[Black "Smirnov, Pavel"]
[Result "0-1"]
[BlackTitle "GM"]
[WhiteElo "2321"]
[BlackElo "2611"]
[WhiteFideId "12539929"]
[BlackFideId "4123425"]
[EventDate "2014.09.22"]

1. e4 c5 2. Nf3 d6 3. d4 cxd4 4. Nxd4 Nf6 5. Nc3 a6 6. f4 Qc7 7. Be2 e5 8. Nb3
b5 9. O-O Bb7 10. Bf3 Nbd7 11. a3 exf4 12. Bxf4 Ne5 13. Nd5 Nxd5 14. exd5 Rd8
15. Qe1 Be7 16. Rd1 O-O 17. Na5 Bf6 18. Bxe5 Bxe5 19. Nxb7 Qxb7 20. c3 a5 21.
Qh4 g6 22. Be2 Rb8 23. Rd2 b4 24. cxb4 axb4 25. Kh1 Qa7 26. axb4 Qa4 27. b3 Qxb3
28. b5 Qe3 29. Ra2 Ra8 30. Rxa8 Rxa8 31. Qc4 Re8 32. Bg4 f5 33. Bd1 Bd4 34. Bf3
Qd2 35. Qc1 Qb4 36. Qb1 Bb2 37. Qd3 Bd4 38. Qb1 Bb2 39. Qd3 Qc5 40. Qb3 Bd4 41.
Qb1 Rb8 42. Be2 Qxd5 43. Rd1 Qe5 44. Qd3 Bc5 45. Bf3 Re8 46. h3 Kg7 47. Qb1 Qg3
48. b6 Bd4 49. b7 Be5 50. Kg1 Qh2+ 51. Kf1 Bd4 0-1

[Event "Baku Open 2014"]
[Site "Baku AZE"]
[Date "2014.09.24"]
[Round "3.17"]
[White "Salem, A.R. Saleh"]
[Black "Nugumanov, Bakhtiyar"]
[Result "1-0"]
[WhiteTitle "GM"]
[BlackTitle "FM"]
[WhiteElo "2594"]
[BlackElo "2287"]
[WhiteFideId "9301348"]
[BlackFideId "13701797"]
[EventDate "2014.09.22"]

1. d4 Nf6 2. c4 d6 3. Nc3 Nbd7 4. Nf3 g6 5. g3 Bg7 6. Bg2 O-O 7. O-O e5 8. e4 c6
9. h3 Re8 10. Rb1 exd4 11. Nxd4 Nc5 12. Re1 a5 13. b3 Nfd7 14. Be3 Qe7 15. Qc2
Ne5 16. Rbd1 a4 17. f4 axb3 18. axb3 Ned7 19. b4 Ne6 20. Nb3 Nf6 21. Kh2 Qc7 22.
Bf3 h6 23. Kg2 g5 24. Qc1 Nh7 25. f5 Nef8 26. h4 Nd7 27. Rh1 Ne5 28. hxg5 hxg5
29. Be2 Qe7 30. Rxh7 Kxh7 31. Bxg5 f6 32. Bf4 Kg8 33. c5 d5 34. exd5 Bxf5 35.
Nd4 Bd7 36. Rh1 cxd5 37. Qc2 Kf8 38. Rh7 Nf7 39. Qg6 Ne5 40. Qc2 Nf7 41. Bf3 f5
42. Nxf5 Bxf5 43. Qxf5 Qe6 44. Qxe6 Rxe6 45. Bxd5 Re7 46. Nb5 Rd8 47. Rh5 Red7
48. Nc7 Ke7 49. b5 Bh6 50. Rxh6 Rxd5 51. Re6+ Kf8 52. Nxd5 Rxd5 53. Be3 Ne5 54.
c6 bxc6 55. bxc6 Nc4 56. Bf4 Kf7 57. c7 Rc5 58. Ra6 Ke7 59. Ra8 1-0

[Event "Baku Open 2014"]
[Site "Baku AZE"]
[Date "2014.09.24"]
[Round "3.18"]
[White "Asgarizadeh, Ahmad"]
[Black "Onischuk, Vladimir"]
[Result "0-1"]
[BlackTitle "GM"]
[WhiteElo "2335"]
[BlackElo "2593"]
[WhiteFideId "12505684"]
[BlackFideId "14114038"]
[EventDate "2014.09.22"]

1. e4 c6 2. Nc3 d5 3. Nf3 Nf6 4. e5 Ne4 5. d4 c5 6. Bd3 Nxc3 7. bxc3 c4 8. Be2
e6 9. O-O Nd7 10. Ng5 Nb6 11. f4 h6 12. Nh3 Na4 13. Bd2 g6 14. Rf3 b5 15. Nf2
Bd7 16. Ng4 Be7 17. Rh3 h5 18. Ne3 Qa5 19. Qe1 O-O-O 20. Nf1 Kc7 21. a3 Qb6 22.
Re3 a5 23. Kh1 Ra8 24. Bf3 h4 25. h3 Rhb8 26. Qf2 b4 27. axb4 axb4 28. cxb4 Qxd4
29. c3 Qb6 30. Qe1 Nb2 31. Re2 Nd3 32. Qb1 Bc5 33. Rxa8 Rxa8 34. Ne3 Bc6 35. Qf1
Bf8 36. Ng4 Ra3 37. Nf2 Qa6 38. Nxd3 cxd3 39. Re1 Ra2 40. Be3 Bb5 41. Rd1 Qc6
42. Qe1 Be7 43. Ra1 Qa6 44. Rxa2 Qxa2 45. Bg1 Qa6 46. Kh2 Bc4 47. Bf2 Kd7 48.
Qe3 Kc6 49. Qd4 Bb3 50. Be3 Kd7 51. Kg1 Ke8 52. Kf2 Kf8 53. Ke1 Qa1+ 54. Kf2 Bc4
55. Bd2 Qb2 56. Ke3 g5 57. Bg4 Qa1 58. Kf2 Bxb4 59. fxg5 Be7 60. g6 fxg6 61.
Bxe6 Qa2 62. Qf4+ Ke8 63. Qf7+ Kd8 64. Ke3 d4+ 65. cxd4 Bxe6 66. Qxg6 Kd7 67. g3
Qb1 68. d5 Qb6+ 69. Kf4 Qd4+ 70. Qe4 Bg5+ 71. Kf3 Bxd5 0-1

[Event "Baku Open 2014"]
[Site "Baku AZE"]
[Date "2014.09.24"]
[Round "3.19"]
[White "Malakhatko, Vadim"]
[Black "Aharon, Ofir"]
[Result "1/2-1/2"]
[WhiteTitle "GM"]
[BlackTitle "FM"]
[WhiteElo "2542"]
[BlackElo "2341"]
[WhiteFideId "14104202"]
[BlackFideId "2800683"]
[EventDate "2014.09.22"]

1. c4 g6 2. Nc3 c5 3. g3 Bg7 4. Bg2 Nc6 5. a3 Nf6 6. Rb1 O-O 7. b4 cxb4 8. axb4
a6 9. Nf3 d5 10. cxd5 Nxd5 11. Nxd5 Qxd5 12. d3 Bg4 13. h3 Be6 14. Bd2 Qb5 15.
O-O Ba2 16. Ra1 Bd5 17. Rb1 Ba2 18. Ra1 Bd5 19. Rb1 1/2-1/2

[Event "Baku Open 2014"]
[Site "Baku AZE"]
[Date "2014.09.24"]
[Round "3.20"]
[White "Mammadova, Narmin"]
[Black "Baron, Tal"]
[Result "0-1"]
[BlackTitle "GM"]
[WhiteElo "2124"]
[BlackElo "2513"]
[WhiteFideId "13403710"]
[BlackFideId "2809958"]
[EventDate "2014.09.22"]

1. e4 e5 2. Nf3 Nc6 3. Nc3 Nf6 4. Be2 d5 5. exd5 Nxd5 6. O-O Nxc3 7. dxc3 Bd6 8.
Bg5 f6 9. Be3 O-O 10. h3 Qe7 11. Bc4+ Kh8 12. Nh4 Bd7 13. Qh5 Qe8 14. Qxe8 Raxe8
15. Nf3 Na5 16. Nd2 Nxc4 17. Nxc4 Be7 18. a4 b6 19. Rfd1 Be6 20. b3 Bf5 21. Rdc1
Kg8 22. Nb2 a5 23. Nc4 Rd8 24. Na3 Rd7 25. Nb5 Kf7 26. c4 Bb4 27. c3 Be7 28. Na3
c5 29. Nb5 Rb8 30. Ra2 Rbd8 31. Raa1 Bd3 32. f4 Ke6 33. Kf2 g5 34. fxg5 fxg5 35.
Ra2 h5 36. Rd2 e4 37. Kg1 Rf8 38. Rf2 Rxf2 39. Kxf2 Bf6 40. Kg1 Kf5 41. Kf2 Be5
42. Rd1 h4 43. Kg1 Bf4 44. Kf2 Ke5 45. Rd2 Rf7 46. Rd1 g4 47. Bxf4+ Rxf4+ 48.
Kg1 gxh3 49. gxh3 Rf7 50. Kg2 Rg7+ 51. Kh2 Rd7 52. Re1 Kf4 53. Kg2 e3 54. Na3
Rg7+ 55. Kh2 Kf3 0-1

[Event "Baku Open 2014"]
[Site "Baku AZE"]
[Date "2014.09.24"]
[Round "3.21"]
[White "Mammadov, Zaur"]
[Black "Abdulla, Khayala"]
[Result "1-0"]
[WhiteTitle "IM"]
[BlackTitle "WIM"]
[WhiteElo "2482"]
[BlackElo "2269"]
[WhiteFideId "13401033"]
[BlackFideId "13401807"]
[EventDate "2014.09.22"]

1. e4 c5 2. c3 e6 3. d4 d5 4. exd5 exd5 5. Nf3 Nc6 6. Be3 cxd4 7. Nxd4 Nf6 8.
Be2 a6 9. O-O Bd6 10. Nd2 O-O 11. N2f3 Bc7 12. Nxc6 bxc6 13. Qa4 Qd6 14. g3 Bg4
15. Rfe1 Rfe8 16. Nd4 Bxe2 17. Rxe2 c5 18. Nb3 Re4 19. Qa3 Bb6 20. Rae1 Qc6 21.
Nd2 Ra4 22. Qb3 Ne4 23. c4 Nf6 24. Bg5 dxc4 25. Nxc4 Rb4 26. Qc2 Bd8 27. Nd6 g6
28. Bh6 Bc7 29. Nf5 Qf3 30. Ne7+ Kh8 31. Qxc5 Rb7 32. Nd5 Rb5 33. Re8+ Ng8 34.
Qd4+ f6 35. Nxf6 Bb6 36. Nxg8+ Bxd4 37. Nf6+ 1-0

[Event "Baku Open 2014"]
[Site "Baku AZE"]
[Date "2014.09.24"]
[Round "3.22"]
[White "Pirverdiyev, Agil"]
[Black "Yilmazyerli, Mert"]
[Result "0-1"]
[BlackTitle "FM"]
[WhiteElo "2209"]
[BlackElo "2454"]
[WhiteFideId "13400568"]
[BlackFideId "6305962"]
[EventDate "2014.09.22"]

1. e4 g6 2. d4 Bg7 3. Nc3 d6 4. Be3 a6 5. Nf3 b5 6. Bd3 Nd7 7. a4 b4 8. Ne2 Bb7
9. h3 Ngf6 10. Ng3 h5 11. Bg5 c5 12. c3 Nh7 13. Be3 Nhf6 14. Bg5 cxd4 15. cxd4
e5 16. a5 exd4 17. O-O Nc5 18. Nxd4 O-O 19. Bc2 Qd7 20. Qf3 Nh7 21. Be3 f5 22.
Ndxf5 gxf5 23. Bxc5 dxc5 24. Nxf5 Rxf5 25. Qxf5 Qxf5 26. exf5 Bxb2 27. Bb3+ Kf8
28. Ra2 Bd4 29. Kh2 Re8 30. Bc4 Nf6 31. Re2 Rxe2 32. Bxe2 b3 33. g4 hxg4 34.
hxg4 b2 35. f3 Nd5 36. Bd3 Ne3 0-1

[Event "Baku Open 2014"]
[Site "Baku AZE"]
[Date "2014.09.24"]
[Round "3.23"]
[White "Pourramezanali, Amirreza"]
[Black "Aliyev, Rasim"]
[Result "1-0"]
[WhiteTitle "IM"]
[WhiteElo "2429"]
[BlackElo "2230"]
[WhiteFideId "12511412"]
[BlackFideId "13401084"]
[EventDate "2014.09.22"]

1. d4 d5 2. Nf3 Nf6 3. e3 Bg4 4. Nbd2 e6 5. h3 Bh5 6. g4 Bg6 7. Ne5 Ne4 8. Nxg6
hxg6 9. Nxe4 dxe4 10. c4 c6 11. Bd2 Qb6 12. Bg2 f5 13. Qb3 Nd7 14. f3 Qxb3 15.
axb3 exf3 16. Bxf3 e5 17. Ke2 Bd6 18. Bc3 O-O 19. gxf5 gxf5 20. Rhg1 e4 21. Bh5
f4 22. exf4 Bxf4 23. Bg6 e3 24. Raf1 Rad8 25. Bb4 c5 26. dxc5 a5 27. Bxa5 Ra8
28. Bc3 Nxc5 29. Bc2 Bh6 30. Rxf8+ Rxf8 31. Rf1 Rd8 32. b4 Ne6 33. Be4 Nd4+ 34.
Kd3 Ne6+ 35. Kc2 b6 36. Bd5 Re8 37. Rf5 Kh7 38. Re5 Nc7 39. Rxe8 Nxe8 40. Kd3
Nd6 41. Bd4 1-0

[Event "Baku Open 2014"]
[Site "Baku AZE"]
[Date "2014.09.24"]
[Round "3.24"]
[White "Aghasiyev, Kamal"]
[Black "Amrayeva, Aytan"]
[Result "1-0"]
[WhiteTitle "IM"]
[WhiteElo "2394"]
[BlackElo "2144"]
[WhiteFideId "13402854"]
[BlackFideId "13405101"]
[EventDate "2014.09.22"]

1. d4 e6 2. Nf3 d5 3. c4 Nf6 4. g3 Be7 5. Bg2 Nbd7 6. O-O O-O 7. Nc3 c6 8. Nd2
Re8 9. e4 dxe4 10. Ndxe4 Nxe4 11. Nxe4 Nf6 12. Nc3 Qa5 13. Qe2 Bd7 14. Bf4 Rad8
15. a3 Bc8 16. Be5 Bd6 17. c5 Bxe5 18. dxe5 Nd5 19. Ne4 Qc7 20. Nd6 Rf8 21. Rac1
b6 22. b4 bxc5 23. Rxc5 f6 24. Rfc1 fxe5 25. Rxc6 Qd7 26. Bxd5 exd5 27. Qxe5 Qe6
28. Qxe6+ Bxe6 29. Nb7 Rde8 30. Nd6 Rd8 31. Re1 Bh3 32. f4 h6 33. b5 Rd7 34. Re5
d4 35. Nc4 d3 36. Nd2 Kh7 37. Kf2 Rfd8 38. Ke3 Bg2 39. Rce6 Rd4 40. Rc5 Ra4 41.
Re7 Rxa3 42. Rcc7 Ra1 43. Rxg7+ Kh8 44. Rh7+ Kg8 45. Rcg7+ Kf8 46. Rh8+ Kxg7 47.
Rxd8 Ra5 48. Rxd3 Rxb5 49. Rd7+ Kg6 50. Rxa7 Rc5 51. Ra6+ Kg7 52. g4 Rc3+ 53.
Kd4 Rh3 54. Nc4 Bf1 55. Ra7+ Kf6 56. Ne5 Rxh2 57. Rf7+ 1-0

[Event "Baku Open 2014"]
[Site "Baku AZE"]
[Date "2014.09.24"]
[Round "3.25"]
[White "Fataliyeva, Ulviyya"]
[Black "Manik, Mikulas"]
[Result "1/2-1/2"]
[WhiteTitle "WFM"]
[BlackTitle "GM"]
[WhiteElo "2117"]
[BlackElo "2385"]
[WhiteFideId "13403052"]
[BlackFideId "14900734"]
[EventDate "2014.09.22"]

1. e4 c5 2. Nf3 Nc6 3. d4 cxd4 4. Nxd4 Nf6 5. Nc3 d6 6. Be2 g6 7. Be3 Bg7 8. O-O
O-O 9. h3 d5 10. Nxc6 bxc6 11. e5 Nd7 12. f4 e6 13. Na4 Rb8 14. c3 a5 15. Rb1
Qe7 16. Qd4 Ra8 1/2-1/2

[Event "Baku Open 2014"]
[Site "Baku AZE"]
[Date "2014.09.24"]
[Round "3.26"]
[White "Omar, Noaman"]
[Black "Naghdiyev, Niyazi"]
[Result "0-1"]
[WhiteTitle "IM"]
[WhiteElo "2355"]
[BlackElo "2024"]
[WhiteFideId "9300244"]
[BlackFideId "13405519"]
[EventDate "2014.09.22"]

1. d4 Nf6 2. c4 e6 3. Nc3 b6 4. a3 Bb7 5. Nf3 d5 6. Qc2 Nbd7 7. cxd5 exd5 8. Bf4
a6 9. e3 Bd6 10. Bxd6 cxd6 11. Bd3 O-O 12. O-O Re8 13. Qb3 g6 14. Rac1 Rc8 15.
h3 Qe7 16. Ne2 Ne4 17. Rxc8 Rxc8 18. Rc1 Rxc1+ 19. Nxc1 Qd8 20. Ne2 Qc7 21. a4
h6 22. Qd1 a5 23. Ne1 Qd8 24. Bb5 Nf8 25. Nd3 Ne6 26. f3 N4g5 27. Ndf4 Qe7 28.
Qd2 Nc7 29. Bd3 Nge6 30. b3 Ng7 31. Nc3 g5 32. Nfe2 Bc8 33. Nb5 Na6 34. Nbc3 Nb4
35. Ng3 f5 36. Nge2 Nh5 37. g4 Ng7 38. Ng3 f4 39. exf4 gxf4 40. Nge2 Ne6 41. Kg2
Qh4 42. Bf5 Ng5 43. Nxf4 Bxf5 44. gxf5 Kg7 45. Nce2 Nc6 46. Qc3 Ne7 47. Qc7 Nh7
48. Qxd6 Qg5+ 49. Ng3 Qxg3+ 50. Kxg3 Nxf5+ 51. Kf2 Nxd6 52. Nxd5 Nf5 53. b4 Nf6
54. Nxb6 axb4 55. a5 b3 56. Nc4 Nxd4 57. Ke3 Nc6 58. Kd2 Nd5 59. a6 Kf6 60. Kc1
Nc7 0-1

[Event "Baku Open 2014"]
[Site "Baku AZE"]
[Date "2014.09.24"]
[Round "3.27"]
[White "Zanan, Evgeny"]
[Black "Kovalenko, Igor"]
[Result "0-1"]
[WhiteTitle "FM"]
[BlackTitle "GM"]
[WhiteElo "2303"]
[BlackElo "2650"]
[WhiteFideId "24101940"]
[BlackFideId "14117908"]
[EventDate "2014.09.22"]

1. d4 Nf6 2. c4 g6 3. Nc3 Bg7 4. e4 O-O 5. Nf3 d6 6. Be2 e5 7. d5 a5 8. Bg5 h6
9. Bh4 Na6 10. Nd2 Qe8 11. a3 Bd7 12. b3 Nh7 13. O-O h5 14. f3 Bh6 15. Kh1 Nc5
16. Rb1 f5 17. exf5 gxf5 18. Qc2 Qg6 19. b4 axb4 20. axb4 Na4 21. Nb5 Bxb5 22.
cxb5 Kh8 23. Nc4 Nb6 24. Rfd1 Nxc4 25. Bxc4 Rf7 26. Bf2 Rg8 27. Bf1 Rfg7 28. b6
cxb6 29. Bxb6 Bf4 30. Qe2 h4 31. Rb3 Nf6 32. Rc3 Nh5 33. Qe1 Qg5 34. Be3 h3 35.
Rd2 Qh6 36. Bxf4 Qxf4 37. Qe3 Qxe3 38. Rxe3 Rc8 39. Re1 hxg2+ 40. Rxg2 Nf4 41.
Rg3 Rgc7 42. Bb5 Rc1 43. Reg1 Rxg1+ 44. Rxg1 Rc7 45. Ba4 Nxd5 46. Rd1 Nc3 47.
Rc1 Kg7 48. Kg2 Kf6 49. h4 Rg7+ 0-1

[Event "Baku Open 2014"]
[Site "Baku AZE"]
[Date "2014.09.24"]
[Round "3.28"]
[White "Aghayev, Nijat"]
[Black "Bayramov, Vugar"]
[Result "1-0"]
[WhiteTitle "IM"]
[WhiteElo "2401"]
[BlackElo "2254"]
[WhiteFideId "13402048"]
[BlackFideId "13400916"]
[EventDate "2014.09.22"]

1. e4 d6 2. d4 g6 3. c4 Bg7 4. Nc3 Nf6 5. f4 c5 6. dxc5 Qa5 7. Bd3 Qxc5 8. Qe2
Nc6 9. Nf3 Bg4 10. Be3 Bxf3 11. Qxf3 Qb4 12. O-O O-O 13. Qe2 Rac8 14. a3 Qa5 15.
Nd5 Nxd5 16. exd5 Nd4 17. Qf2 Nb3 18. Rae1 Nc5 19. Bb1 Qa4 20. b4 Nd7 21. Qa2 b5
22. cxb5 Rc3 23. Bc1 Rfc8 24. Qd2 Qxb5 25. Rxe7 Nf6 26. Bb2 Nxd5 27. Ree1 Qb6+
28. Kh1 Ne3 29. Rf3 Ng4 30. Bxc3 Bxc3 31. Rxc3 Rxc3 32. Re8+ Kg7 33. Qxc3+ Kh6
34. Qh3+ 1-0

[Event "Baku Open 2014"]
[Site "Baku AZE"]
[Date "2014.09.24"]
[Round "3.29"]
[White "Lorparizangeneh, Shahin"]
[Black "Guliev, Logman"]
[Result "1-0"]
[WhiteTitle "FM"]
[BlackTitle "IM"]
[WhiteElo "2277"]
[BlackElo "2377"]
[WhiteFideId "12521604"]
[BlackFideId "13400061"]
[EventDate "2014.09.22"]

1. Nf3 Nf6 2. c4 e6 3. g3 Be7 4. Bg2 O-O 5. O-O c5 6. b3 Nc6 7. Bb2 d5 8. e3 b6
9. Nc3 Ba6 10. Qe2 Qc7 11. Rac1 Rad8 12. d4 dxc4 13. bxc4 cxd4 14. exd4 Qb8 15.
Rfd1 Rc8 16. d5 exd5 17. Nxd5 Nxd5 18. Rxd5 Rfe8 19. Qd2 Rcd8 20. Ng5 Nb4 21.
Nxf7 Kxf7 22. Qc3 Bf6 23. Qxb4 Bxb2 24. Qxb2 Bb7 25. Rcd1 Bxd5 26. Bxd5+ Kf8 27.
Rd3 Re1+ 28. Kg2 Qe5 29. Rf3+ Ke8 30. Qb5+ Rd7 31. Rf7 1-0

[Event "Baku Open 2014"]
[Site "Baku AZE"]
[Date "2014.09.24"]
[Round "3.30"]
[White "Shahaliyev, Ismayil"]
[Black "Ghaem Maghami, Ehsan"]
[Result "0-1"]
[BlackTitle "GM"]
[WhiteElo "2206"]
[BlackElo "2591"]
[WhiteFideId "13406388"]
[BlackFideId "12500739"]
[EventDate "2014.09.22"]

1. e4 c5 2. Nf3 Nc6 3. Bb5 d6 4. O-O Bd7 5. Re1 Nf6 6. c3 a6 7. Bf1 Bg4 8. h3
Bxf3 9. Qxf3 e6 10. Qg3 Nh5 11. Qe3 Nf6 12. d4 cxd4 13. cxd4 d5 14. e5 Ne4 15.
Nc3 Nxc3 16. bxc3 Rc8 17. Rb1 Na5 18. Qg3 Qc7 19. Re3 Qd7 20. Rf3 Rc6 21. Be2
Kd8 22. Qf4 Rc7 23. Bd2 Kc8 24. c4 Nxc4 25. Bxc4 dxc4 26. Ba5 Rc6 27. a4 f5 28.
exf6 Bd6 29. Qe4 gxf6 30. Rxf6 Rf8 31. Rh6 Rf5 32. Bc3 Bf4 33. Rh4 Bg5 34. Rg4
h5 35. Rg3 Qf7 36. Rb2 Bc1 37. Re2 Bf4 38. Rf3 h4 39. g4 hxg3 40. fxg3 Bd2 41.
Rxf5 exf5 42. Qf3 Bxc3 43. Qxc3 Kb8 44. a5 Rc8 45. Re5 Qh7 46. Kg2 Rh8 47. h4 f4
48. Qxc4 fxg3 49. Qb3 Qxh4 50. Qxg3 Qh1+ 51. Kf2 Rh2+ 52. Ke3 Rh3 53. Qxh3 Qxh3+
54. Ke4 b5 55. axb6 Kb7 56. d5 Qg4+ 57. Kd3 Kxb6 58. Re4 Qd1+ 59. Kc4 Qc2+ 0-1